00298nam a2200145Ia 4500008004000000041000800040082001100048100001300059245002100072260002600093650000800119650000700127650001000134650000800144210210b1951 xxu||||| |||| 00| 0 eng d aeng a150/91 aROON (K) aNew way to relax abNot Mentionedc1951 away ato arelax aNew